000 00498nam a2200193Ia 4500
008 240510s9999 xx 000 0 und d
020 _a9788184042214
041 _aEng
082 _a005.12
082 _bM14
100 _aMCLAUGHLIN,BRETT D.; POLLICE,GARY; WEST,DAVID
245 0 _aHead First Object Oriented Analysis and Design
260 _bIndia:Shroff Publishers
260 _c2007
300 _a600 p.
650 _aObject Oriented Analysis Design
942 _2ddc
942 _cRBK
999 _c21882
_d21882
945 _a1
_bMadushi Gamage
_c1
_dMadushi Gamage